Normal view
MARC view
Entry Personal Name
001 - CONTROL NUMBER
- control field: 21804
003 - CONTROL NUMBER IDENTIFIER
- control field: ARRUPE
005 - DATE AND TIME OF LATEST TRANSACTION
- control field: 20160126114825.0
008 - FIXED-LENGTH DATA ELEMENTS
- fixed length control field: 160126|| aca||aabn | a|a d
040 ## - CATALOGING SOURCE
- Original cataloging agency: ARRUPE
- Transcribing agency: ARRUPE
100 ## - HEADING--PERSONAL NAME
- Personal name: Randall-Maclver, David
- General subdivision: Medieval Rhodesia
670 ## - SOURCE DATA FOUND
- Source citation: Work cat.: (ARRUPE): Hall, Richard N. 21803, Pre-Historic Rhodesia, 1909